Classifica Marcatori Premier League 2019-2020 - Statistics

Statistiche generali
  • Questo quiz è stato fatto 29 volte
  • Il punteggio medio è 12 su 14
Statistiche sulle risposte
Gol Nazione Squadra Calciatore % Corretto
23 Inghilterra Leicester City Jamie Vardy
100%
22 Francia/Gabon Arsenal Pierre-Emerick Aubameyang
100%
18 Inghilterra Tottenham Harry Kane
96%
19 Egitto Liverpool Mohamed Salah
96%
20 Inghilterra Manchester City Raheem Sterling
96%
18 Senegal Liverpool Sadio Mané
96%
16 Argentina Manchester City Sergio Agüero
93%
14 Brasile Manchester City Gabriel Jesus
89%
17 Francia Manchester United Anthony Martial
85%
17 Inghilterra Manchester United Marcus Rashford
85%
17 Messico Wolverhapton Raúl Jiménez
81%
14 Nuova Zelanda Burnley Chris Wood
52%
22 Inghilterra Southampton Danny Ings
48%
15 Inghilterra Chelsea Tammy Abraham
48%
Nessun quiz corrispondente trovato
Distribuzione punteggi
Percentuale di utenti per punteggio
Percentile per numero di risposta
I tuoi punteggi nel tempo
Non hai fatto questo quiz